Research methods for business: a skilled building approach (Record no. 174639)
[ view plain ]
| 000 -LEADER | |
|---|---|
| fixed length control field | 00407nam a2200157Ia 4500 |
| 008 - FIXED-LENGTH DATA ELEMENTS--GENERAL INFORMATION | |
| fixed length control field | 230917s9999||||xx |||||||||||||| ||und|| |
| 040 ## - CATALOGING SOURCE | |
| -- | 206832 |
| Original cataloging agency | VIVEKANANDA LIBRARY |
| 041 ## - Language | |
| -- | English |
| 082 ## - DDC NUMBER | |
| Classification number | 658..0072 S47R |
| 100 ## - MAIN ENTRY--PERSONAL NAME | |
| Personal name | Sekaran,Uma |
| 245 #0 - TITLE STATEMENT | |
| Title | Research methods for business: a skilled building approach |
| 250 ## - EDITION STATEMENT | |
| Edition statement | 5th ed. |
| 260 ## - PUBLICATION, DISTRIBUTION, ETC. (IMPRINT) | |
| Place of publication, distribution, etc | New Delhi |
| Name of publisher, distributor, etc | John Wiley |
| Date of publication, distribution, etc | 2010 |
| 300 ## - PHYSICAL DESCRIPTION | |
| Pages | 467 p. |
| 942 ## - ADDED ENTRY ELEMENTS (KOHA) | |
| Koha item type | Books |
| Withdrawn status | Lost status | Damaged status | Not for loan | Location (home branch) | Sublocation or collection (holding branch) | Shelving location | Date acquired | Koha issues (times borrowed) | Koha full call number | Accession No. | Koha date last seen | Koha item type |
|---|---|---|---|---|---|---|---|---|---|---|---|---|
| VIVEKANANDA LIBRARY | VIVEKANANDA LIBRARY | IMSAR Library | 21/05/2013 | 1 | 658..0072 S47R | 327961 | 04/12/2025 | Books | ||||
| VIVEKANANDA LIBRARY | VIVEKANANDA LIBRARY | IMSAR Library | 21/05/2013 | 1 | 658..0072 S47R | 327962 | 08/10/2025 | Books | ||||
| VIVEKANANDA LIBRARY | VIVEKANANDA LIBRARY | IMSAR Library | 21/05/2013 | 1 | 658..0072 S47R | 327963 | 15/02/2024 | Books | ||||
| VIVEKANANDA LIBRARY | VIVEKANANDA LIBRARY | IMSAR Library | 21/05/2013 | 1 | 658..0072 S47R | 327964 | 18/11/2025 | Books |
